| 000 | 01804nam a22002777a 4500 | ||
|---|---|---|---|
| 001 | 1307 | ||
| 005 | 20250528144921.0 | ||
| 020 | _a9789924340348 | ||
| 040 |
_aFISKH _beng _cFISKH _dFISKH |
||
| 082 | _a294.5211 | ||
| 100 | _aPisey, Imm | ||
| 245 |
_aអវតារបស់ព្រះវិស្ណុ / _cអ៊ឹម ពិសី |
||
| 250 | _aបោះពុម្ពលើកទី ២ ខែមិថុនា ឆ្នាំ ២០២១ | ||
| 260 |
_aPhnom Penh : _bSipar, _c2021. |
||
| 300 |
_a35 pages : _bcolor illustrations ; _c19 cm |
||
| 490 |
_aខ្ញុំអានបាន _vភាគ ២ |
||
| 505 | _aY | ||
| 520 | _aដើម្បីស្រោចស្រង់ផែនដីឳ្យរួចផុតពី ការជិះជាន់ និងការវាយប្រហារពីអសុរ ឬអំពើអាក្រក់ទាំងឡាយ ព្រះវិស្ណុបានបញ្ជូនអវតារបស់ទ្រង់ឳ្យមកផែនដី។ អវតាទាំងនោះមាន មត្ស្យា កូម៍ៈ វរាហៈ នរសិង្ហ វាមនៈ បរសុរាម ព្រះរាម ក្រឹស្ណៈ និងកល្កិន។ | ||
| 520 | _aTo save the earth from oppression and attack from evil or devil, Vishnu sent his incarnation to earth. Those avatars are Matsyakom, Varaha, Norasingha, Vamanak, Bor Suram, Preah Ream, Krishna and Kalkin. | ||
| 521 |
_a890
_bLexile estimate |
||
| 521 |
_aY _bRaz-Plus |
||
| 650 |
_aព្រះវិស្ណុ _vអវតា _xការជិះជាន់ _yអសុរ |
||
| 650 |
_aVisnu _vincarnation _xOppression _yEvil |
||
| 700 |
_aPisey, Imm _cillustrator |
||
| 942 |
_2ddc _cBK _n0 |
||
| 999 |
_c1307 _d1307 |
||